00558nam a2200193Ia 450000500170000000800410001704000190005804100120007708200180008910000220010724500690012926000410019830000150023944000170025450400400027165000200031170000230033185000100035420240105114039.0131103s9999 xx 000 0 und d aLoreto College aEnglish a894.814 bMUR aMurthy,U.RAnantha aSamskara, b A Rite For A Dead Man,cTranslated by A.K.Ramanujan aDelhibOxford University Pressc1976 aix,153 p.  aThree Crowns aIncludes bibliographical references aKannada Fiction aRamanujan,A.K.,tr. aLCLIB